000 00989cam a2200277 a 4500
001 2944202
003 OSt
005 20220329094051.0
008 900529s1990 cau b 001 0 eng
010 _a 90040387
020 _a1555422675
040 _aDLC
_cHU
_dDLC
050 0 0 _aLB2331
_b.B68 1990
082 0 0 _a378.1/25 BRO 1990
_220
100 1 _aBrookfield, Stephen.
_934350
245 1 4 _aThe skillful teacher :
_bon technique, trust, and responsiveness in the classroom /
_cStephen D. Brookfield.
250 _a1st ed.
260 _aSan Francisco :
_bJossey-Bass Publishers,
_c1990.
300 _axxii, 233 p. ;
_c24 cm.
440 4 _aThe Jossey-Bass higher education series
_934351
504 _aIncludes bibliographical references (p. 213-223) and index.
650 0 _aCollege teaching.
_922728
906 _a7
_bcbc
_corignew
_d1
_eocip
_f19
_gy-gencatlg
942 _2ddc
_cBOOKS
_n0
999 _c33764
_d33764